الوسيط في الشركات التجارية : (رقم التسجيلة. 141990)

تفاصيل مارك
000 -الفاتح
عناصر البيانات ثابتة الطول 00786cam a2200193 i 4500
005 - تاريخ ووقت آخر معاملة
حقل ضبط 20260126123455.0
008 - عناصر البيانات ثابتة الطول
عناصر البيانات ثابتة الطول 250721s2019 jo gr 000 0 ara d
020 ## - الترقيم الدولي المعياري للكتب (ردمك)
الترقيم الدولي المعياري للكتب (ردمك) 9789957162962
082 14 - رقم تصنيف ديوي العشري
رقم التصنيف 346.066
رقم المادة ع ك ي
100 1# - مدخل رئيسي – اسم شخصي
الاسم الشخصي العكيلي، عزيز
علاقة الشخص بالعمل/ دوره مؤلف.
245 12 - بيان العنوان
العنوان الوسيط في الشركات التجارية :
بقية العنوان دراسة فقهية قضائية مقارنة في الأحكام العامة والخاصة /
بيان المسؤولية الاستاذ الدكتور عزيز العكيلي.
250 ## - بيان الطبعة
بيان الطبعة الطبعة الخامسة.
264 31 - بيانات النشر، التوزيع…إلخ
مكان النشر، التوزيع...إلخ عمان :
اسم الناشر، الموزع...إلخ دار الثقافة للنشر والتوزيع،
تاريخ النشر، التوزيع...إلخ 2019.
300 ## - الوصف المادي
عدد الوحدات المكونة للوعاء 601 صفحة.
650 17 - مدخل إضافي بالموضوع - مصطلح موضوعي
مصطلح موضوعي أو اسم جغرافي كعنصر مدخل القانون التجاري.
650 17 - مدخل إضافي بالموضوع - مصطلح موضوعي
مصطلح موضوعي أو اسم جغرافي كعنصر مدخل الشركات.
942 ## - بيانات إضافية (كوها)
نوع التنصيف Dewey Decimal Classification
نوع المادة (كوها) كتب
المقتنيات
حالة السحب حالة الفقدان مصدر التصنيف حالة التلف غير قابل للإعارة المكتبة الرئيسية المكتبة الحالية موقع الرف تاريخ التزويد الرقم المتسلسل Total Checkouts رقم الإستدعاء الباركود تاريخ آخر ظهور تاريخ الفاتورة نوع المادة (كوها)
    Dewey Decimal Classification     المكتبة المركزية المكتبة المركزية الإعارة 28/07/2025 1754117   346.066 / ع ك ي PLD00490633 28/07/2025 28/07/2025 كتب
    Dewey Decimal Classification     المكتبة المركزية المكتبة المركزية مقتنيات قسم التزويد 28/07/2025 1754118   346.066/عكي   28/07/2025 28/07/2025 كتب
    Dewey Decimal Classification     المكتبة المركزية المكتبة المركزية مقتنيات قسم التزويد 28/07/2025 1754119   346.066/عكي   28/07/2025 28/07/2025 كتب
    Dewey Decimal Classification     مكتبة أبو علندا العامة مكتبة أبو علندا العامة الإعارة 12/04/2021 1754121   346.066/عكي PLD00490686 28/07/2025 12/04/2021 كتب
    Dewey Decimal Classification     مكتبة أم قصير والمقابلين العامة مكتبة أم قصير والمقابلين العامة الإعارة 12/04/2021 1754120   346.066/عكي PLD00490685 28/07/2025 12/04/2021 كتب
    Dewey Decimal Classification     مكتبة الاميرة بديعة مكتبة الاميرة بديعة الإعارة 12/04/2021 1754124   346.066/عكي PLD00490689 28/07/2025 12/04/2021 كتب
    Dewey Decimal Classification     مكتبة الجويدة مكتبة الجويدة الإعارة 12/04/2021 1754122   346.066/عكي PLD00490687 28/07/2025 12/04/2021 كتب
    Dewey Decimal Classification     مكتبة الحسن العامة مكتبة الحسن العامة الإعارة 12/04/2021 1754123   346.066/عكي PLD00490688 28/07/2025 12/04/2021 كتب
    Dewey Decimal Classification     مكتبة صويلح العامة مكتبة صويلح العامة الإعارة 12/04/2021 1754125   346.066/عكي PLD00490690 28/07/2025 12/04/2021 كتب
Implemented & Customized by: BBB with SCIT (Smart Chains for Information Technology)

Powered by Koha